000 004570000a22001810004500
003 MACL
005 20150804154255.0
008 150804b xxu||||| |||| 00| 0 eng d
040 _aMACL
_cMACL
041 _aEnglish
082 _a364.374/SRI
100 _aSrivastav, V. P.
_94676
245 _aHand Book on Crime Against Women
260 _bIndian Publishers
_c2005
_aNew Delhi
350 _a1595
650 _aCriminology
_94677
942 _cBK
_k364.37
_2ddc
999 _c2102
_d2102